Human Resource Management: Functions, Applications, and Skills Development (Record no. 4294)
[ view plain ]
| 005 - DATE AND TIME OF LATEST TRANSACTION | |
|---|---|
| control field | 20250618124047.0 |
| 020 ## - INTERNATIONAL STANDARD BOOK NUMBER | |
| International Standard Book Number | 978-1-0718-4095-5 |
| 082 ## - DEWEY DECIMAL CLASSIFICATION NUMBER | |
| Classification number | 658.3 LUS |
| 100 ## - MAIN ENTRY--PERSONAL NAME | |
| Author name | LUSSIER, N. R |
| 245 ## - TITLE STATEMENT | |
| Title | Human Resource Management: Functions, Applications, and Skills Development |
| 250 ## - EDITION STATEMENT | |
| Edition statement | 4th Ed. |
| 260 ## - PUBLICATION, DISTRIBUTION, ETC. | |
| Place of publication, distribution, etc. | Los Angels |
| Name of publisher, distributor, etc. | Sage Publications, Inc |
| Date of publication, distribution, etc. | 2022. |
| 300 ## - PHYSICAL DESCRIPTION | |
| Extent | xxiv,670p.:ill.;diagrams, pictures, tables |
| Other physical details | Index |
| Dimensions | 27cm |
| 700 ## - ADDED ENTRY--PERSONAL NAME | |
| Other authors/Editors | John R. Hendon |
| 942 ## - ADDED ENTRY ELEMENTS (KOHA) | |
| Source of classification or shelving scheme | Dewey Decimal Classification |
| Koha item type | Books |
| Date last seen | Total checkouts | Full call number | Barcode | Cost, replacement price | Price effective from | Koha item type | Lost status | Source of classification or shelving scheme | Damaged status | Not for loan | Withdrawn status | Home library | Current library | Shelving location | Date acquired | Source of acquisition | Cost, normal purchase price |
|---|---|---|---|---|---|---|---|---|---|---|---|---|---|---|---|---|---|
| 06/18/2025 | 658.3 LUS | MZA0001300 | 985398.00 | 06/17/2025 | Books | Dewey Decimal Classification | CBE Mwanza | CBE Mwanza | Reference Collection | 07/15/2024 | Library Budget | 328466.00 |
